Witamy w Bibliotece Naukowej Instytutu Łączności!

Sooruzenija sel'skoj telefonnoj svjazi i provodnogo vescanija / (Rekord nr 7937)

000 -LEADER
fixed length control field 00342 a2200097 4500
100 1# - MAIN ENTRY--PERSONAL NAME
Personal name Mazel', S.I..
Relator term Autor
245 0# - TITLE STATEMENT
Title Sooruzenija sel'skoj telefonnoj svjazi i provodnogo vescanija /
Statement of responsibility, etc Mazel' S.I., Ustinov P.M..
260 ## - PUBLICATION, DISTRIBUTION, ETC. (IMPRINT)
Place of publication, distribution, etc Moskva :
Name of publisher, distributor, etc Vyssaja Skola,
Date of publication, distribution, etc 1978.
300 ## - PHYSICAL DESCRIPTION
Extent 295 s.;
Dimensions 25 cm.
700 1# - ADDED ENTRY--PERSONAL NAME
Personal name Ustinov, P.M..
Relator term Autor
710 2# - ADDED ENTRY--CORPORATE NAME
Corporate name or jurisdiction name as entry element Vyssaja Skola.
Relator term Wydawca
Relator code pbl

Brak dostępnych egzemplarzy.

Działa dzięki Koha